000 00250nam a2200109Ia 4500
008 231212s1970 xx 000 0 und d
041 _aeng
082 _a621.38804
100 _aChilikin
245 _aElectric Drive
260 _aMascow
_bMir Pub
_c1970
999 _c958512
_d958512